01440cam a22003257a 450000100090000000300050000900500170001400800410003101000170007201500190008901600180010802000220012602400250014803500230017304000300019604200140022608200170024010000300025724501020028726000620038930000340045150502090048565000500069470000300074485600910077485600920086594200120095799900190096995201260098814421832NUST20221216095836.0060621s2005 enka b 001 0 eng d a 2006296399 aGBA5794342bnb7 a0132965592Uk a0470017694 (hbk.)3 a9780470017692 (hbk.) a(OCoLC)ocm61702378 aUKMcUKMdBWKUKdVP@dDLC alccopycat04a621.3822,RAN1 aRangarao, Kaluri.910503510aDigital signal processing :ba practitioner's approach /cKaluri Venkata Rangarao, Ranjan Mallik. aChichester, England ;aHoboken, NJ :bJohn Wiley,cc2005. axvi, 191 p. :bill. ;c24 cm. aProcessing of Signals (Page-1), Revisiting Basics (Page-21), Digital Filters (Page-45), Fourier Transform and Signal Spectrum (Page-79), Realization of Digital Filters (Page-101), Case Studies (Page-121). 0aSignal processingxDigital techniques.9555481 aMallik, Ranjan K.9105036423Publisher descriptionuhttp://www.loc.gov/catdir/enhancements/fy0653/2006296399-d.html413Table of contents onlyuhttp://www.loc.gov/catdir/enhancements/fy0653/2006296399-t.html 2ddccBK c592705d592705 00102ddc4070aMCSbMCScGENd2022-12-16o621.3822,RANpMCS33455r2022-12-16w2022-12-16yBKzAlmirah No.37, Shelf No.1